00351nam a22001337a 4500003000700000005001700007008004100024082003100065100002300096245005400119260003100173300000800204650000500212MPLRDC20220104144322.0210129b ||||| |||| 00| 0 eng d a051.4 K1KC-2 1908-1988 c.4 a坤成女子中学 a坤成学校八十周年纪念特刊. 1908-1988c ab坤成女子中学c1988 b平 a